Kosa ni la nani? / (Record no. 47156)

MARC details
000 -LEADER
fixed length control field 00520 a2200181 4500
008 - FIXED-LENGTH DATA ELEMENTS--GENERAL INFORMATION
fixed length control field 170210b xxu||||| |||| 00| 0 eng d
020 ## - INTERNATIONAL STANDARD BOOK NUMBER
International Standard Book Number 9789966225474
050 ## - LIBRARY OF CONGRESS CALL NUMBER
Classification number PL8704
Item number .O54 2006
100 ## - MAIN ENTRY--PERSONAL NAME
Personal name Ong'ango, George Otieno,1965-
245 ## - TITLE STATEMENT
Title Kosa ni la nani? /
Statement of responsibility, etc George Otieno Ong'ango.
260 ## - PUBLICATION, DISTRIBUTION, ETC. (IMPRINT)
Name of publisher, distributor, etc Jomo Kenyatta Foundation
Date of publication, distribution, etc 2006.
Place of publication, distribution, etc Nairobi :
300 ## - PHYSICAL DESCRIPTION
Extent iv, 150 p. ;
Dimensions 18 cm.
440 ## - SERIES STATEMENT/ADDED ENTRY--TITLE
Title Fasihi yetu
520 ## - SUMMARY, ETC.
Summary, etc A novel.
546 ## - LANGUAGE NOTE
Language note In Swahili.
650 ## - SUBJECT ADDED ENTRY--TOPICAL TERM
Topical term or geographic name as entry element Kiswahili
General subdivision novel
942 ## - ADDED ENTRY ELEMENTS (KOHA)
Item type Book
Source of classification or shelving scheme Library of Congress Classification
Holdings
Withdrawn status Lost status Source of classification or shelving scheme Damaged status Not for loan Collection code Home library Current library Shelving location Date acquired Source of acquisition Cost, normal purchase price Total Checkouts Full call number Barcode Date last seen Date last borrowed Copy number Price effective from Koha item type
    Library of Congress Classification     Non-fiction Bishop Okullu Memorial Library (Limuru Campus) Bishop Okullu Memorial Library (Limuru Campus) General Circulation 10/02/2017 Purchase 399.00 6 PL8704 .O54 2006 050354 25/09/2018 04/09/2018 1 10/02/2017 Book